000 00393nam a2200133Ia 4500
008 151021s9999 xx 000 0 und d
020 _a9.7807821222e+012
050 _aQA 76.3 .P467 2000
245 _a_MCSE:NT Workstation4 study guide(2nd Ed)
260 _aU.S.A Network press 2000
300 _axxxvii,741p,;Ill
650 _a_Installing Hardware
980 _a^d20140113 10:51:56^oanne
999 _c12584
_d12584